000 00901 a2200229 4500
005 20260409130044.0
008 260409b |||||||| |||| 00| 0 eng d
020 _a9789392974823 (hbk)
037 _cTB
040 _aAL
_cAL
041 _2hin
_ahin
_hsan
084 _aR66xJ50,2 15R4
_qAL
100 _aदीक्षित, दप्पय्य
_9847504
245 _aसिद्धान्तलेशसंग्रह:
260 _aवाराणसी, भारत:
_bभारतीय बुक्स,
_c2024.
300 _a559पृ.
365 _b995.00
_cINR
650 _aदर्शन शास्त्र
650 _aसंग्रह
_91234493
942 _cTB
_2CC
_hR66xJ50,2 15R4
999 _c1464578
_d1464578